BRICS Countries - Statistics

General Stats
  • This quiz has been taken 28 times
  • The average score is 9 of 10
Answer Stats
Answer % Correct
Brazil
100%
China
100%
India
100%
Russia
100%
South Africa
91%
Egypt
86%
Iran
77%
Indonesia
73%
Ethiopia
68%
United Arab Emirates
64%
No matching quizzes found
Score Distribution
Percent of People with Each Score
Percentile by Number Answered
Your Score History
You have not taken this quiz